| 000 | 01845nam0a2200385 4500 | ||
|---|---|---|---|
| 001 | RU\NLR\BIBL_A\022706781 | ||
| 005 | 20260324113843.0 | ||
| 010 |
_a978-5-389-23312-6 _92000 |
||
| 021 |
_aRU _bКН-П-25-073680 _9КН-П-25-7137 |
||
| 035 | _a(NLR Aleph) 022706781 | ||
| 090 |
_a13643578 _c13643578 |
||
| 100 | _a20260122d2025 u y0rusy50 ca | ||
| 101 | 1 |
_arus _cjpn |
|
| 102 | _aRU | ||
| 105 | _aa z 000yy | ||
| 181 | 0 |
_ai3 _baxxe |
|
| 182 | 0 | _an | |
| 200 | 1 |
_aКнига пяти колец _eкодекс самурая _fМиямото Мусаси |
|
| 203 |
_aТекст _bвизуальный _cнепосредственный |
||
| 210 |
_aМосква _cАзбука, КоЛибри _d2025 |
||
| 215 |
_a221, [2] с. _d19 |
||
| 225 | 1 | _aСтратегия и власть | |
| 300 | _aНа обл. авт. не указаны | ||
| 309 | _aКн. вложена в поясок | ||
| 333 | _a16+ | ||
| 423 | 0 |
_12001#$aБудо сёсин-сю$e[сборник]$fДайдодзи Юдзан$g[к сборнику в целом]: перевод с японского Андрея Фесюна$gс предисловием А. М. Горбылёва, к. и. н., преподавателя, доцента _1210##$aМосква$d2025 _1215##$aС. 117-218$cил. _1700#1$aДайдодзи$bЮ.$f1639-1730$gЮдзан$3RU\NLR\AUTH\7761194 |
|
| 604 |
_1700#0$aМиямото Мусаси$f1584 - 1645 _150010$aКнига пяти колец$2nlr_sh2$3RU\NLR\AUTH\661379754 |
||
| 606 | 1 |
_aБусидо _2nlr_sh2 _3RU\NLR\AUTH\6601585932 |
|
| 686 | 1 | _aЦ1,8(5Я)2 | |
| 700 | 1 |
_aМиямото _bМ. _f1584-1645 _gМусаси _3RU\NLR\AUTH\779041 |
|
| 702 | 1 |
_aФесюн _bА. Г. _f1957- _gАндрей Григорьевич _4730 |
|
| 942 | _cBOOK | ||
| 980 | _aNB | ||